00472nam a2200169 a 4500008004100000020002200041245007400063250001200137260004700149500002000196650002200216650001900238700001800257003000100275005001700276040000900293  a0723426570 (pbk.) 0aHuman anatomy :bcolor atlas and textbook /cJ.A. Gosling... [et al.] a3rd ed. aPhiladelphia :bHarcourt Publishers,c1999 aIncludes Index. aHuman physiology. aHuman anatomy. aGosling, J.A.20230120204139.0 cNUST